One piece fruit #2 - Statistiques

Statistiques générales
  • Ce quiz a été pris 77 fois
  • Le résultat moyen est 8 sur 20
Statistiques - réponses
Par images Réponse % Correct
Humain
83%
Musique
83%
Diamant
79%
Giraffe
79%
Sable
74%
Force
72%
Cire
67%
Fumée
55%
Ombre
43%
Amour
34%
Chateau
34%
Kilo
22%
Tailladant
22%
Gaz
12%
Invisiblité
12%
Barrière
7%
Bonbon
3%
Allausore
0%
Chaleur
0%
Paille
0%
Aucun quiz correspondant
Distribution des résultats
% des personnes avec chaque résultat
Percentile par nombre de réponses
Votre historique - résultats
Vous n’avez pas pris ce quiz